| 000 | 00747nam a2200229 a 4500 | ||
|---|---|---|---|
| 001 | BRL_1562 | ||
| 005 | 20190320211249.0 | ||
| 008 | 110314s1978----u--aob####---#000-0#eng-# | ||
| 020 | _a0917304039 | ||
| 041 | _aeng | ||
| 044 | _au | ||
| 050 | 4 |
_aE78.N78 _b.M34 1978 |
|
| 100 | 1 |
_aMalin, Edward _927284 |
|
| 245 | 1 | 0 |
_aA world of faces _bmasks of the Northwest Coast Indians _cby Edward Malin ; with line illustrations in chapter II and IV by the writer. |
| 260 |
_aPortland, Oregon _bTimber Press _c1978 |
||
| 300 |
_a83 p. _bil., láminas, mapas _c26 cm. |
||
| 500 | _aAu1812 | ||
| 504 | _aBibliografía: p. [147-151] | ||
| 650 | 1 | 4 |
_aIndígenas de la Costa Noreste de América del Norte _xMáscaras _927285 |
| 902 | _aGRL | ||
| 942 |
_2lcc _cB |
||
| 999 |
_c10371 _d10371 |
||